A song for 2 voices /

Bibliographic Details
Main Author: Purcell, Henry, 1659-1695
Format: Musical Score eBook
Language:English
Published: [London : publisher not identified, 1700]
Series:Early English books online.
Subjects:
Online Access:Connect to the full text of this electronic book

MARC

Tag First Indicator Second Indicator Subfields
LEADER 00000ncm a2200000Ia 4500
001 in00004334841
005 20200812094055.0
006 m g d
007 cr bn |||a|bb|
008 090410s1700 enk o n eng d
040 |a UMI  |c UMI  |e dcrb  |d UMI 
035 |a (OCoLC)318212040 
037 |a CL0037000131  |b ProQuest, 789 E. Eisenhower Parkway, Ann Arbor, MI 48108-3218 
090 |a M1529.3.P87  |b C66 1700 
049 |a UMIA 
100 1 |a Purcell, Henry,  |d 1659-1695. 
240 1 0 |a Fairy queen.  |p Come let us leave the town 
245 1 2 |a A song for 2 voices /  |c set to musik [sic] by Mr. H. Purcell. 
246 3 |a Song for two voices 
260 |a [London :  |b publisher not identified,  |c 1700] 
300 |a 1 online resource (1 score ([1] leaf) 
336 |a notated music  |b ntm  |2 rdacontent 
337 |a computer  |b c  |2 rdamedia 
338 |a online resource  |b cr  |2 rdacarrier 
500 |a Imprint suggested by Wing (2nd edition). 
500 |a First line: Come, come, come, come let us leave, let us, let us leave the town. 
500 |a Reproduction of original in: Library of Congress. 
510 4 |a Wing (2nd edition),  |c P4216A 
533 |a Electronic reproduction.  |b Ann Arbor, Mich. :  |c UMI,  |d 1999-  |f (Early English books online)  |n Digital version of: (Early English Books, 1641-1700 ; 2942:10)  |7 s1999 miun s 
650 0 |a Vocal duets with continuo  |v Scores. 
650 0 |a Operas  |v Excerpts  |v Scores. 
650 0 |a Songs, English  |v Early works to 1800. 
830 0 |a Early English books online. 
856 4 0 |u http://proxy.library.tamu.edu/login?url=https://search.proquest.com/docview/2240903214  |z Connect to the full text of this electronic book  |t 0 
994 |a 02  |b UMI 
999 f f |s 01018d5f-635e-38aa-8c6d-1f64f63c8fda  |i 0ee0eece-ac2e-33bc-94ea-d4bf4406c57e  |t 0 
952 f f |a Texas A&M University  |b College Station  |c Electronic Resources  |d Available Online  |t 0  |e M1529.3.P87 C66 1700  |h Library of Congress classification 
998 f f |a M1529.3.P87 C66 1700  |t 0  |l Available Online